The 132 'Cardinal Sins' of Hydraulic or what NOT to do with hydraulic equipment

Bibliographic Details
Main Author: Casey, Brendan (Author)
Format: Article
Language:English

MARC

LEADER 00000nab a2200000ua 4500
001 vtls010796715
003 SK-MaSNL
005 20260303135140.0
008 230218s2010 xo |||||||||||||||||eng|
035 |a (urnnbn)urn:nbn:sk:snk:ar-a04k09 
035 |a (uuid)ee707782-49ae-4726-83a1-7eb058427438 
035 |a urn:nbn:sk:snk-ab4tud 
040 |a SNKBUCL  |b slo  |c SNKBUCL  |e AACR2 
041 0 |a eng 
044 |a xo  |c SK 
100 1 |a Casey, Brendan  |4 aut  |9 1156340 
245 1 4 |a The 132 'Cardinal Sins' of Hydraulic or what NOT to do with hydraulic equipment  |c Brendan Casey 
773 0 |t Hydraulika a pneumatika : časopis pre hydrauliku, pneumatiku a automatizačnú techniku  |g Roč. 12, č. 1-2 (2010), s. 72 
958 |a OND 
958 |a EUIPO 
958 |a article3 
999 |c 1963809  |d 1965739